| 000 | 00580nam a2200229Ia 4500 | ||
|---|---|---|---|
| 003 | OSt | ||
| 005 | 20221005120535.0 | ||
| 006 | a|||||r|||| 00| 0 | ||
| 007 | ta | ||
| 008 | 221004b |||||||| |||| 00| 0 tam d | ||
| 024 | _a50978 | ||
| 037 | _cTextual | ||
| 040 |
_aCRL _cCRL _btam |
||
| 041 |
_2tam _atam |
||
| 082 | _aO31,6N14x, K2 | ||
| 100 |
_aParamasivandam _9629314 |
||
| 245 | 0 | _aEllorum vazha vendum | |
| 650 | _a TAMIL PROSE | ||
| 650 | _aTAMIL LITERATURE | ||
| 942 |
_hO31,6N14x, K2 _cTEXL _2cc |
||
| 999 |
_c1038381 _d1038381 |
||